Tres eslabones en la narrativa de Cortázar

Kaydedildi:
Detaylı Bibliyografya
Materyal Türü: Kitap
Dil:Undetermined
Baskı/Yayın Bilgisi: Santiago, Chile Editorial del Pacífico 1972
Konular:
Etiketler: Etiketle
Etiket eklenmemiş, İlk siz ekleyin!

MARC

LEADER 00000nam a2200000Ia 4500
008 170316s9999 xx 000 0 und d
040 |a cru BVZT 
090 |a 860 A-27t 
245 |a Tres eslabones en la narrativa de Cortázar  |c / Sonia Arellano González 
260 |a Santiago, Chile  |b Editorial del Pacífico  |c 1972 
300 |a 117 páginas 
650 |a LITERATURA LATINOAMERICANA  |9 15 
999 |c 8318  |d 8318 
942 |c 15 D  |h 860 A-27t  |2 z